Postavenie Pakistanu v projekte Novej hodvábnej cesty bakalárska práca

Na minha lista:
Detalhes bibliográficos
Autor principal: Braunová, Slavomíra
Autor Corporativo: Obchodná fakulta EU. Katedra medzinárodného obchodu
Outros Autores: Družbacká, Barbora, 1995-
Formato: Livro
Idioma:eslovaco
Publicado em: Bratislava 2021
Tags: Adicionar Tag
Sem tags, seja o primeiro a adicionar uma tag!

MARC

LEADER 00000nbm a2200000 4500
001 0275908
005 20220209123529.0
041 0 |a slo 
044 |a SK 
245 1 0 |a Postavenie Pakistanu v projekte Novej hodvábnej cesty  |b bakalárska práca  |c Slavomíra Braunová ; školiteľ: Barbora Družbacká 
264 1 |a Bratislava  |c 2021 
300 |a 58 s. 
100 1 |a Braunová, Slavomíra 
700 1 |a Družbacká, Barbora, 1995- 
710 2 |a Obchodná fakulta EU. Katedra medzinárodného obchodu